000 00636nam a22002537a 4500
003 UA-OsUOA
001 22119
007 ta
008 20031217b un ||||| |||| 00| 0 ukr d
100 _aТихолаз А.Г.
090 _a113
_bТ46
942 _cBK
040 _aUA-OsUOA
_bukr
_cUA-OsUOA
_dUA-OsUOA
245 _aГеракліт
_bНавчальний посібник з давньогрецької філософії
300 _a160 с.
955 _a0
041 _aukr
080 _a113
020 _a5-86828-03-5
260 _aКиїв
_bАбрис
_c1995
044 _aUA
650 7 _2UDC
999 _c308333
_d308333